Automatizované systémy VTI - 2 Faktografické informační systémy

Salvato in:
Dettagli Bibliografici
Autore principale: Jireš, Stanislav
Altri autori: Sulek, Vladimír
Natura: Libro
Lingua:ceco
Pubblicazione: Praha VŠE 1988
Edizione:1. vyd.
Tags: Aggiungi Tag
Nessun Tag, puoi essere il primo ad aggiungerne!!

MARC

LEADER 00000nam a2200000 4500
001 c033342
005 20221219085001.1
041 0 |a cze 
044 |a CZ 
245 1 0 |a Automatizované systémy VTI - 2  |b Faktografické informační systémy  |c Stanislav Jireš a kol., Vladimír Sulek 
250 |a 1. vyd. 
264 1 |a Praha  |b VŠE  |c 1988 
300 |a 144 s. 
100 1 |a Jireš, Stanislav 
700 1 |a Sulek, Vladimír